000 00716nam a2200217Ia 4500
001 3324
003 GE_BSU
008 181216s||||||||xx |||||||||||||| ||und||
040 _cGE_BSU
080 _a517.0(075.8)
100 _aФихтенгольц,Г.М.
245 _aКурс диференциального и интегрального исчисления. Том 3.
245 _cРед. Г.П.Акилов, Ю.А.Горьков.
250 _aИзд четверое.
260 _aМ.
260 _bНаука.
260 _c1966.
300 _a656 стр. с илл. 22 см.
653 _aКурс диференциального и интегрального исчисления.
942 _cBK
999 _c37365
_d37365